| 000 | 00576nam a2200229Ia 4500 | ||
|---|---|---|---|
| 003 | OSt | ||
| 005 | 20221005120839.0 | ||
| 006 | a|||||r|||| 00| 0 | ||
| 007 | ta | ||
| 008 | 221004b |||||||| |||| 00| 0 eng d | ||
| 024 | _a64533 | ||
| 037 | _cTextual | ||
| 040 |
_aCRL _cCRL _beng |
||
| 041 |
_2eng _aeng |
||
| 082 | _aV1:71, K8-;1 | ||
| 100 | _aDaniel Glyn | ||
| 245 | 0 |
_aFirst civilizations _b The archaeology of their origins. |
|
| 260 | _c1968 | ||
| 650 | _aHISTORY | ||
| 942 |
_hV1:71, K8-;1 _cTEXL _2cc |
||
| 999 |
_c1039308 _d1039308 |
||